000 00450nam a22001577a 4500
003 OSt
008 210915b ||||| |||| 00| 0 eng d
020 _a9789390175420
020 _a9390175429
082 _a550.066
_bELA/GI
100 _aElangovan,K
_95061
245 _aGeographic Informatiion Systems
_bFundamentals , Applications and Implementations
260 _aNew India
_bNew India Publishing Agency
_c2021
300 _a208 pages
942 _cBK
999 _c17429
_d17429